| 000 | 00384cam a2200145ua 4500 | ||
|---|---|---|---|
| 020 | _a9788184872774 | ||
| 082 |
_a621.47 _bTIW/SO |
||
| 100 |
_aTiwari, G.N . _9365 |
||
| 245 | _aSolar energy: Fundamentals, Design, Modelling and Applications / | ||
| 250 | _aRev | ||
| 260 |
_aChennai : _bNarosa Publishing House , _c2002. |
||
| 300 | _a525 ; . | ||
| 500 | _a20998 Ref | ||
| 942 | _cBK | ||
| 999 |
_c12276 _d12276 |
||